El librero de Kabul (Record no. 206881)

MARC details
000 -CABECERA
campo de control de longitud fija 00714cam a2200253 a 4500
003 - IDENTIFICADOR DEL NÚMERO DE CONTROL
campo de control UPN
005 - FECHA Y HORA DE LA ÚLTIMA TRANSACCIÓN
campo de control 20220606151932.0
008 - ELEMENTOS DE LONGITUD FIJA--INFORMACIÓN GENERAL
campo de control de longitud fija 191211s2004 mx gr 000 f spa d
020 ## - NÚMERO INTERNACIONAL NORMALIZADO PARA LIBROS
Número Internacional Estándar del Libro 9706519246
035 ## - NÚMERO DE CONTROL DEL SISTEMA
Número de control de sistema UPN01000234786
040 ## - FUENTE DE LA CATALOGACIÓN
Centro catalogador/agencia de origen MX-MxUPN
Lengua de catalogación spa
Centro/agencia transcriptor MX-MxUPN
050 ## - SIGNATURA TOPOGRÁFICA DE LA BIBLIOTECA DEL CONGRESO
Número de clasificación CT1877.5 K48
Número de documento/Ítem S44 2004
100 1# - ASIENTO PRINCIPAL--NOMBRE PERSONAL
Nombre de persona Seierstad, Asne,
Fechas asociadas al nombre 1970-
9 (RLIN) 44726
245 13 - MENCIÓN DE TÍTULO
Título El librero de Kabul
250 ## - MENCIÓN DE EDICIÓN
Mención de edición Primera edición
260 ## - PUBLICACIÓN, DISTRIBUCIÓN, ETC.
Lugar de publicación, distribución, etc. México :
Nombre del editor, distribuidor, etc. Océano:
-- Maeva ,
Fecha de publicación, distribución, etc. 2004.
300 ## - DESCRIPCIÓN FÍSICA
Extensión 285 páginas
490 ## - MENCIÓN DE SERIE
Mención de serie Vivencias y personajes
600 34 - ASIENTO SECUNDARIO DE MATERIA - NOMBRE PERSONAL
9 (RLIN) 21229
Nombre de persona Khan, Familia
650 #0 - ASIENTO SECUNDARIO DE MATERIA - TERMINO TEMATICO
9 (RLIN) 21228
Término de materia o nombre geográfico como elemento de entrada Libreros y librerías
Subdivisión geográfica Kabul, Afganistán
905 ## - TIPO DE MATERIAL
Tipo de material Libro
942 ## - ELEMENTOS DE PUNTO DE ACCESO ADICIONAL (KOHA)
Suprimir en OPAC No
Fuente del sistema de clasificación o colocación Library of Congress Classification
Tipo de ítem Koha Libro
Holdings
Estado de retiro Estado de pérdida Fuente del sistema de clasificación o colocación Estado dañado No para préstamo Código de colección Localización permanente Ubicación/localización actual Ubicación en estantería Fecha de adquisición Clasificación Código de barras Fecha visto por última vez Tipo de ítem Koha
    Library of Congress Classification     Colección General Bib. Gregorio Torres Quintero Bib. Gregorio Torres Quintero Planta baja 06/06/2022 CT1877.5 K48 S44 2004 334304 31/12/2020 Libro